A new history of India for children from its origins to the twenty first century (Record no. 533665)

000 -LEADER
fixed length control field 00538nam a22001457a 4500
008 - FIXED-LENGTH DATA ELEMENTS--GENERAL INFORMATION
fixed length control field 260609b ||||| |||| 00| 0 eng d
100 ## - MAIN ENTRY--PERSONAL NAME
Personal name Saghar, Amol
245 ## - TITLE STATEMENT
Title A new history of India for children from its origins to the twenty first century
260 ## - PUBLICATION, DISTRIBUTION, ETC. (IMPRINT)
Place of publication, distribution, etc The Book Review
300 ## - PHYSICAL DESCRIPTION
Extent 49(11), Nov, 2025: p.17-18
520 ## - SUMMARY, ETC.
Summary, etc Rudrangshu Mukherjee, Shobita Punja and Toby Sinclair Aleph Book company 2025, xxi+295.00. Rs.499.00. – Reproduced
773 ## - HOST ITEM ENTRY
Main entry heading The Book Review
906 ## - LOCAL DATA ELEMENT F, LDF (RLIN)
Subject DIP BOOK REVIEW
942 ## - ADDED ENTRY ELEMENTS (KOHA)
Item type Articles
Holdings
Withdrawn status Lost status Source of classification or shelving scheme Damaged status Not for loan Permanent location Current location Date acquired Serial Enumeration / chronology Barcode Date last seen Koha item type
          Indian Institute of Public Administration Indian Institute of Public Administration 2026-06-09 49(11), Nov, 2025: p.17-18 AR139138 2026-06-09 Articles

Powered by Koha